000 01674nam a2200373 c 4500
003 BLK
005 20180420231222.0
008 180409b bul|||||r ||||||| ||bul||
010 _aKNG00122870000
040 _aBLK
041 _aBUL
_cBUL
080 _aМузиканти-творци, композитори
_b78.071.1
_x(497.2)(092)
_z78.071.1(497.2)(092)
080 _aБългарски композитор
_b929 Димитров, Георги Димитров
_x
_z929 Димитров, Георги Димитров
100 1 _aМорфов, Богдан Мирчев
_eпърви автор
_9260257
139 _aМорфов, Богдан Мирчев
_bД 58
245 1 0 _aВъзпев на Родината
_bБиогр. повест за общественика и твореца н.а. Георги Димитров
_cБогдан Мирчев Морфов.
257 _aBGR
260 София
_bМузика
_c1981
300 _a267 с., 8 л.
_bс ил.
_c20 см
380 _a7
500 _aНа кор. подзагл. Мигове от живота на комп. Г. Димитров
600 1 4 _aДимитров, Георги Димитров
_9303527
650 4 _aКомпозитори, български - биографии
_9261390
651 4 _aБългария
_9241624
653 _aкомпозитори
653 _aбиографии
653 _aБългария
653 _aГеорги Димитров
852 _aЦб 107146
856 4 _qpdf
_u
856 4 _qpdf
_u
942 _cKNG
_n0
944 _aCR
_c14.04.2011
_lдобави в АБ / 13.04.2011
_kЛюдмила_Стоянова
944 _aED
_c28.08.2015
_lдобави в АБ / 13.04.2011
_k
999 _c117284
_d117284